Statistics for TIMV Ranks Quiz

Click here to take the quiz!

General Stats

  • This quiz has been taken 114 times
  • The average score is 16 of 21

Answer Stats

KarmaAnswer% Correct
200,000Watson
94%
100Inspector
91%
Top PlayerSherlock
90%
0Civilian
87%
15,000Spy
84%
35,000Eavesdropper
79%
150,000Lestrade
79%
10,000Agent
77%
25,000Conspirator
77%
100,000Commissioner
74%
45,000Constable
74%
80,000Sergeant
74%
125,000Undercover
74%
500Witness
73%
60,000Officer
69%
750Scout
66%
3,500Director
64%
5,000Deceiver
63%
2,000Trustable
63%
1,000Forensic
61%
7,500Tracer
60%

Score Distribution

Percentile by Number Answered

Percent of People with Each Score

Your Score History

You have not taken this quiz